|
|
|
|
| LEADER |
01824nam a2200421 i 4500 |
| 001 |
38580 |
| 003 |
BD-DhAAL |
| 005 |
20220523124941.0 |
| 008 |
220523r20142013ii af b 001 0 ben d |
| 999 |
|
|
|c 44232
|d 44232
|
| 010 |
|
|
|a 2013331516
|
| 020 |
|
|
|a 9789350401958
|
| 025 |
|
|
|a I-B-2013-331516; 14
|
| 037 |
|
|
|b Library of Congress -- New Delhi Overseas Office
|
| 040 |
|
|
|a DLC
|b eng
|c DLC
|e rda
|d DLC
|d BD-DhAAL
|
| 042 |
|
|
|a lcode
|a pcc
|
| 043 |
|
|
|a a-ii---
|
| 050 |
0 |
0 |
|a GR302.2.B44
|b B37 2013
|
| 082 |
|
|
|a 398.2095492
|
| 100 |
|
|
|a বসাক, শীলা
|9 48625
|
| 245 |
1 |
0 |
|a বাংলার কিংবদন্তি /
|c শীলা বসাক
|
| 246 |
3 |
1 |
|a Banglar kingbadanti
|
| 246 |
3 |
1 |
|a Legends of Bengal
|
| 250 |
|
|
|a Prathama saṃskaraṇa.
|
| 264 |
|
1 |
|a কলকাতা :
|b আনন্দ পাবলিশার্স,
|c ২০১৩.
|
| 300 |
|
|
|a ৩৪২ পৃষ্ঠা :
|b সচিত্র ;
|c ২২ সে.মি.
|
| 504 |
|
|
|a গ্রন্থপঞ্জিগত নির্দেশিকা (পৃষ্ঠা ৩২৬-৩৩৫) ও নির্ঘণ্ট অন্তর্ভুক্ত।
|
| 520 |
|
|
|a Collection of legends and traditional tales, popular in West Bengal, India and Bangladesh.
|
| 541 |
|
|
|a Donated By Akbar Ali Khan
|e 38580
|
| 546 |
|
|
|a In Bengali.
|
| 650 |
|
0 |
|a Legends
|z India
|z West Bengal.
|9 48626
|
| 650 |
|
0 |
|a Tales
|z India
|z West Bengal.
|9 48627
|
| 650 |
|
0 |
|a Legends
|z Bangladesh.
|9 48628
|
| 650 |
|
0 |
|a Tales
|z Bangladesh.
|9 48629
|
| 650 |
|
0 |
|a Folklore.
|9 48630
|
| 852 |
|
|
|a Ayesha Abed Library
|c Akbar Ali Khan Collection
|
| 942 |
|
|
|2 ddc
|c BK
|
| 952 |
|
|
|0 0
|1 0
|2 ddc
|4 0
|6 398_209549200000000_BAS
|7 1
|9 70691
|a BRACUL
|b BRACUL
|c AAKC
|d 2022-05-23
|e Donated by Akbar Ali Khan
|l 0
|o 398.2095492 BAS
|p 3010038580
|r 2022-05-23
|t 1
|w 2022-05-23
|y BK
|